000
00478nam a2200181Ia 4500
008
100917s9999 xx 000 0 und d
082
_b
55343
100
_a
देवरूखकर विनायक
245
_a
डॉ. कैलास
260
_b
के. वा. जोशी
_c
---
300
_a
71
365
_b
5
520
_a
नाटक
630
_a
डॉ. कैलास
650
_a
नाटक
730
_a
डॉ. कैलास
942
_c
BOOK
999
_c
660737
_d
660734